000 00358 a2200157 4500
001 72433
020 _a8526237179
040 _cAnchieta - Colégio São Paulo
100 _aCaruso, Aristides
240 1 0 _aTudo por uma esmeralda
_lpor
245 1 0 _aTudo por uma esmeralda
300 _a48
362 0 _a2000
650 4 _aLiteratura juvenil
942 _cBK
999 _c72433
_d72433